Lieux emblématiques des pays du monde #2 - Statistiques

Statistiques générales
  • Ce quiz a été pris 65 fois
  • Le résultat moyen est 33 sur 97
Statistiques - réponses
Par images Hint Réponse % Correct
Canal de Panama Panama
100%
Statue de la Liberté Etats-Unis
86%
Fuji Yama Japon
86%
Bureau de Poste du Père Noël Finlande
85%
Parthénon Grèce
85%
Casino de Monte-Carlo Monaco
85%
Big Ben Royaume-Uni
85%
Basilique Saint-Basile-le-Bienheureux Russie
85%
Colisée Italie
83%
Pétra Jordanie
83%
Château de Neuschwanstein Allemagne
80%
Manneken Pis Belgique
80%
Chichén Itzá Mexique
80%
Château de Schönbrunn Autriche
75%
Grand Monument Mansudae Corée du Nord
73%
Kilimandjaro Tanzanie
73%
Remparts de Dubrovnik Croatie
71%
Ahu Tongariki Chili
66%
Hobbiton Nouvelle-Zélande
63%
Ruines de Carthage Tunisie
63%
Glacier Perito Moreno Argentine
61%
Moulins de Kinderdjik Pays-Bas
61%
Tours Pétronas Malaisie
56%
Mausolée de l'Imam Reza Iran
54%
Kigali Convention Center Rwanda
53%
Zone de conservation de Funafuti Tuvalu
53%
Geysir Islande
51%
Château de Chillon Suisse
51%
Réserve Nationale du Maisai Mara Kenya
49%
Chutes Victoria Zimbabwe
49%
Pagodes de Bagan Birmanie
46%
Allée des Baobabs Madagascar
46%
Place Jemaa-El-Fna Maroc
41%
Casa de la Vall Andorre
37%
Île de Gorée Sénégal
37%
Mitad del Mundo Equateur
36%
Mosquée Djingareyber Mali
32%
Pont Charles République Tchèque
32%
Cathédrale Alexander Nevsky Estonie
31%
Stari Most Bosnie-Herzégovine
29%
Temple Borobudur Indonésie
29%
Désert de Sossusvlei Namibie
29%
Basilique de la Nativité Palestine
29%
Palais Dhar Al Hajjar Yémen
29%
Atoll de Bikini Iles Marshall
27%
Île de Bled Slovénie
27%
Mosquée des Omeyyades Syrie
27%
Mémorial du Martyr Algérie
25%
Bayterek Kazakhstan
24%
Rocca Guaita Saint-Marin
24%
Fort São Sebastião Sao Tomé-et-Principe
24%
Rizières en terrasse de Banaue Philippines
22%
Anse Source d'Argent Seychelles
22%
Basilique Notre-Dame-du-Mont-Carmel Malte
20%
Porte de l'Enfer Turkménistan
20%
Fort d'Arad Bahrein
19%
Leptis Magna Libye
19%
Colline des croix Lituanie
19%
Cathédrale de León Nicaragua
19%
Rock Islands Palaos
19%
Vallée de Bamiyan Afghanistan
17%
Mosquée Omar Ali Saifuddin Brunei
17%
Eglises rupestres de Lalibela Ethiopie
17%
Monastère de Hincu Moldavie
17%
Fort São Sebastião Mozambique
17%
Lacs d'Ounianga Tchad
17%
Atlantis Bahamas
15%
Eglise Saint-Jean-de-Kaneo Macédoine du Nord
15%
Fort d'Al Zubarah Qatar
15%
Cascade d'El Limon République Dominicaine
15%
Terre des Sept Couleurs Ile Maurice
12%
Parc National du Queen Elizabeth Ouganda
12%
Tombes Impériales de Mu'a Tonga
12%
Betty's Hope Antigua-et-Barbuda
10%
Fort de Lalbagh Bangladesh
10%
Grotte Notre-Dame d'Arigdo Bénin
10%
Cerro Santa Ana Salvador
10%
San Fernando Hill Trinité-et-Tobago
10%
Archipel des Bijagos Guinée-Bissau
8%
Fôret Sacrée d'Osun-Oshogbo Nigéria
8%
Cristo Rei Timor-Oriental
8%
La Mano Uruguay
8%
Mosquée de Bani Burkina Faso
7%
Parc national de la Kibira Burundi
7%
Palais des Sultans Bamouns Cameroun
7%
Copan Honduras
7%
Parc National d'Ala d'Archa Kirghizistan
7%
Structure de Richat Mauritanie
7%
Lac Assal Djibouti
5%
Chutes de Kaieteur Guyana
5%
Mudhdhoo Maldives
5%
Erdene Zuu Mongolie
5%
Baie d'Anibare Nauru
3%
Eglise Notre-Dame-du-Rosaire Erythrée
2%
Parc Naturel du Mont Nimba Guinée
2%
Grotte d'Avaiki Niué
2%
Cathédrale de l'Assomption Saint-Vincent-et-les-Grenadines
2%
Aucun quiz correspondant
Distribution des résultats
% des personnes avec chaque résultat
Percentile par nombre de réponses
Votre historique - résultats
Vous n’avez pas pris ce quiz